LIBRARY & INFORMATION CENTRE, KCAET, TAVANUR

ONLINE PUBLIC ACCESS CATALOGUE (OPAC)

Introduction to vertebrate embriology / (Record no. 7216)

MARC details
000 -LEADER
fixed length control field 00484cam a2200193ua 4500
041 ## - LANGUAGE CODE
Language code of text/sound track or separate title eng
082 ## - DEWEY DECIMAL CLASSIFICATION NUMBER
Classification number 596.033
Item number SHU/IN
100 ## - MAIN ENTRY--AUTHOR NAME
Personal name Shumway, Waldo .
245 ## - TITLE STATEMENT
Title Introduction to vertebrate embriology /
250 ## - EDITION STATEMENT
Edition statement 5 /
260 ## - PUBLICATION, DISTRIBUTION, ETC. (IMPRINT)
Place of publication London :
Name of publisher John Wiley & Sons ,
Year of publication 1954.
300 ## - PHYSICAL DESCRIPTION
Number of Pages 389 ; .
700 1# - ADDED ENTRY--PERSONAL NAME
Personal name Adamstone, F B .
942 ## - ADDED ENTRY ELEMENTS (KOHA)
Koha item type Books
Holdings
Withdrawn status Lost status Damaged status Home library Current library Date acquired Full call number Accession Number Koha item type
Withdrawn     KAUAET Sanskrit University 07/04/2012 596.033 4885 Books
free website counter